مقدمة في التجارة الالكترونية العربية الكتاب الاول: شرح قانون المبادلات والتجارة الالكتروني التونسي (Record no. 16549)
[ view plain ]
| 000 -LEADER | |
|---|---|
| fixed length control field | 01001nam a2200241Ii 4500 |
| 003 - CONTROL NUMBER IDENTIFIER | |
| control field | JO-AjNU |
| 005 - DATE AND TIME OF LATEST TRANSACTION | |
| control field | 20240110123618.0 |
| 008 - FIXED-LENGTH DATA ELEMENTS--GENERAL INFORMATION | |
| fixed length control field | 230605s9999||||xx |||||||||||||| ||und|| |
| 017 ## - COPYRIGHT OR LEGAL DEPOSIT NUMBER | |
| Copyright or legal deposit number | 2004/4069 |
| 020 ## - INTERNATIONAL STANDARD BOOK NUMBER | |
| International Standard Book Number | 977-5160-012-5 |
| 040 ## - CATALOGING SOURCE | |
| Original cataloging agency | JO-AjNU |
| Language of cataloging | ara |
| Description conventions | rda |
| Transcribing agency | JO-AjNU |
| 041 ## - LANGUAGE CODE | |
| Language code of text/sound track or separate title | ara |
| 050 14 - LIBRARY OF CONGRESS CALL NUMBER | |
| Classification number | HF5548.32 .H5422.2004 |
| 100 3# - MAIN ENTRY--PERSONAL NAME | |
| Personal name | حجازي،عبد الفتاح بيومي, |
| Relator term | author |
| 9 (RLIN) | 32221 |
| 245 00 - TITLE STATEMENT | |
| Title | مقدمة في التجارة الالكترونية العربية الكتاب الاول: شرح قانون المبادلات والتجارة الالكتروني التونسي |
| 264 31 - PRODUCTION, PUBLICATION, DISTRIBUTION, MANUFACTURE, AND COPYRIGHT NOTICE | |
| Place of production, publication, distribution, manufacture | الاسكندرية: دار الفكر الجامعي؛2004 |
| 300 ## - PHYSICAL DESCRIPTION | |
| Extent | 338ص |
| Other physical details | يحتوي على ببلوغرافية من ص331-338ص |
| 336 ## - CONTENT TYPE | |
| Content type term | text |
| Content type code | txt |
| Source | rdacontent |
| 337 ## - MEDIA TYPE | |
| Media type term | unmediated |
| Media type code | n |
| Source | rdamedia |
| 338 ## - CARRIER TYPE | |
| Carrier type term | volume |
| Carrier type code | nc |
| Source | rdacarrier |
| 650 #4 - SUBJECT ADDED ENTRY--TOPICAL TERM | |
| Topical term or geographic name entry element | التجارة الالكترونية - التجارة الالكتروني التونسي |
| 9 (RLIN) | 32222 |
| 942 ## - ADDED ENTRY ELEMENTS (KOHA) | |
| Source of classification or shelving scheme | Library of Congress Classification |
| Koha item type | Books |
| Withdrawn status | Lost status | Source of classification or shelving scheme | Damaged status | Not for loan | Home library | Current library | Shelving location | Date acquired | Total Checkouts | Full call number | Barcode | Date last seen | Price effective from | Koha item type |
|---|---|---|---|---|---|---|---|---|---|---|---|---|---|---|
| Library of Congress Classification | مكتبة جامعة عجلون الوطنية | مكتبة جامعة عجلون الوطنية | المجموعات العامة | 06/06/2023 | HF5548.32 .H5422.2004 | A12981 | 06/06/2023 | 06/06/2023 | Books |